Inside African politics / (Record no. 18445)
[ view plain ]
| 000 -LEADER | |
|---|---|
| fixed length control field | 01338cam a22003255a 4500 |
| 001 - CONTROL NUMBER | |
| control field | 17726178 |
| 005 - DATE AND TIME OF LATEST TRANSACTION | |
| control field | 20161025123850.0 |
| 008 - FIXED-LENGTH DATA ELEMENTS--GENERAL INFORMATION | |
| fixed length control field | 130503t2013 xxua frb 001 0 eng d |
| 010 ## - LIBRARY OF CONGRESS CONTROL NUMBER | |
| LC control number | 2013018368 |
| 020 ## - INTERNATIONAL STANDARD BOOK NUMBER | |
| International Standard Book Number | 9781588269058 (pb : alk. paper) |
| 020 ## - INTERNATIONAL STANDARD BOOK NUMBER | |
| International Standard Book Number | 9781588269294 (hc : alk. paper) |
| 040 ## - CATALOGING SOURCE | |
| Original cataloging agency | IEN/DLC |
| Language of cataloging | eng |
| Transcribing agency | IEN |
| Modifying agency | DLC |
| -- | EG-ScBUE |
| 043 ## - GEOGRAPHIC AREA CODE | |
| Geographic area code | fb----- |
| 082 04 - DEWEY DECIMAL CLASSIFICATION NUMBER | |
| Classification number | 320.967 |
| Edition number | 22 |
| Item number | ENG |
| 100 1# - MAIN ENTRY--PERSONAL NAME | |
| Personal name | Englebert, Pierre, |
| Dates associated with a name | 1962- |
| 9 (RLIN) | 36187 |
| 245 10 - TITLE STATEMENT | |
| Title | Inside African politics / |
| Statement of responsibility, etc | Pierre Englebert, Kevin C. Dunn. |
| 260 ## - PUBLICATION, DISTRIBUTION, ETC. (IMPRINT) | |
| Place of publication, distribution, etc | Boulder, United States ; |
| -- | London : |
| Name of publisher, distributor, etc | Lynne Rienner Publishers, Inc., |
| Date of publication, distribution, etc | c.2013. |
| 300 ## - PHYSICAL DESCRIPTION | |
| Extent | xi, 450 p. : |
| Other physical details | ill. ; |
| Dimensions | 23 cm. |
| 500 ## - GENERAL NOTE | |
| General note | "This textbook provides a systematic introduction to African politics south of the Sahara"--Chapter 1. |
| 500 ## - GENERAL NOTE | |
| General note | Index : p. 433-450. |
| 504 ## - BIBLIOGRAPHY, ETC. NOTE | |
| Bibliography, etc | Bibliography : p. 385-432. |
| 650 #7 - SUBJECT ADDED ENTRY--TOPICAL TERM | |
| Topical term or geographic name as entry element | Political culture |
| Geographic subdivision | Africa, Sub-Saharan. |
| 9 (RLIN) | 36188 |
| Source of heading or term | BUEsh |
| 650 #7 - SUBJECT ADDED ENTRY--TOPICAL TERM | |
| Topical term or geographic name as entry element | Political stability |
| Geographic subdivision | Africa, Sub-Saharan. |
| 9 (RLIN) | 36189 |
| Source of heading or term | BUEsh |
| 650 #7 - SUBJECT ADDED ENTRY--TOPICAL TERM | |
| Topical term or geographic name as entry element | Ethnicity |
| General subdivision | Political aspects |
| Geographic subdivision | Africa, Sub-Saharan. |
| 9 (RLIN) | 36190 |
| Source of heading or term | BUEsh |
| 651 #0 - SUBJECT ADDED ENTRY--GEOGRAPHIC NAME | |
| Geographic name | Africa, Sub-Saharan |
| General subdivision | Politics and government. |
| Source of heading or term | BUEsh |
| 651 #0 - SUBJECT ADDED ENTRY--GEOGRAPHIC NAME | |
| Geographic name | Africa, Sub-Saharan |
| General subdivision | Foreign relations. |
| 9 (RLIN) | 36192 |
| Source of heading or term | BUEsh |
| 653 ## - INDEX TERM--UNCONTROLLED | |
| Resource For college | BAEPS, Political Science |
| Arrived date list | October2014 |
| -- | October2016 |
| 700 1# - ADDED ENTRY--PERSONAL NAME | |
| Personal name | Dunn, Kevin C., |
| Dates associated with a name | 1967- |
| 9 (RLIN) | 36193 |
| 942 ## - ADDED ENTRY ELEMENTS (KOHA) | |
| Source of classification or shelving scheme | Dewey Decimal Classification |
| Call number prefix | 320.967 ENG |
| Withdrawn status | Item status | Source of classification or shelving scheme | Damaged status | Not for loan | Vendor | Home library | Current library | Shelving location | Date acquired | Source of acquisition | Cost, normal purchase price | Total Checkouts | Full call number | Barcode | Date last seen | Cost, replacement price | Koha item type | Total Renewals | Date last borrowed | Serial Enumeration / chronology |
|---|---|---|---|---|---|---|---|---|---|---|---|---|---|---|---|---|---|---|---|---|
| Dewey Decimal Classification | Baccah | Central Library | Central Library | First floor | 12/10/2014 | 220.00 | 320.967 ENG | 000036575 | 15/07/2025 | 275.00 | NB - Book (Non borrowing) | |||||||||
| Dewey Decimal Classification | Baccah | Central Library | Central Library | First floor | 12/10/2014 | 220.00 | 3 | 320.967 ENG | 000036576 | 15/07/2025 | 275.00 | Book - Borrowing | 5 | 16/02/2022 | ||||||
| Dewey Decimal Classification | Baccah | Central Library | Central Library | First floor | 12/10/2014 | 220.00 | 3 | 320.967 ENG | 000036577 | 15/07/2025 | 275.00 | Book - Borrowing | 49 | 09/10/2016 | ||||||
| Dewey Decimal Classification | Baccah | Central Library | Central Library | First floor | 12/10/2014 | 4 | 320.967 ENG | 000036578 | 15/07/2025 | Book - Borrowing | 22 | 19/11/2023 | ||||||||
| Dewey Decimal Classification | Baccah | Central Library | Central Library | First floor | 12/10/2014 | 1 | 320.967 ENG | 000036579 | 15/07/2025 | Book - Borrowing | 18 | 08/02/2015 | ||||||||
| Dewey Decimal Classification | Baccah | Central Library | Central Library | First floor | 12/10/2014 | 3 | 320.967 ENG | 000036580 | 15/07/2025 | Book - Borrowing | 18 | 21/03/2019 | ||||||||
| Dewey Decimal Classification | Baccah | Central Library | Central Library | First floor | 12/10/2014 | 4 | 320.967 ENG | 000036581 | 15/07/2025 | Book - Borrowing | 20 | 05/03/2020 | ||||||||
| Dewey Decimal Classification | Baccah | Central Library | Central Library | First floor | 12/10/2014 | 4 | 320.967 ENG | 000036582 | 15/07/2025 | Book - Borrowing | 9 | 01/03/2020 | ||||||||
| Dewey Decimal Classification | Baccah | Central Library | Central Library | First floor | 25/10/2016 | Purchase | 280.00 | 1 | 320.967 ENG | 000034236 | 15/07/2025 | 350.00 | Book - Borrowing | 4 | 21/03/2019 | 3634 |